| 000 | 00611nam a2200277Ia 4500 | ||
|---|---|---|---|
| 001 | Z_3399 | ||
| 003 | CHAP | ||
| 008 | 220113s1974 xx 000 0 und d | ||
| 010 | _a166514 | ||
| 040 | _cCHAP | ||
| 082 | _a636.214 I5 | ||
| 100 |
_aInstituto Colombiano Agropecuario _9140590 |
||
| 245 |
_aProgreso en ganado de carne / _cpor ICA |
||
| 260 |
_aBogotá : _bICA, _c1974 |
||
| 300 | _a109 p. ; ilus. | ||
| 440 | _a | ||
| 500 | _a | ||
| 503 | _a | ||
| 650 |
_aGanado de carne _945067 |
||
| 901 | _a636.214 I5 | ||
| 902 | _aA | ||
| 910 | _a1974 | ||
| 942 | _c1 | ||
| 942 | _cc1 | ||
| 999 |
_c166514 _d166514 |
||